Komparácia metód pri ohodnocovaní vybraného podniku bakalárska práca

Salvato in:
Dettagli Bibliografici
Autore principale: Revák, Michal
Ente Autore: Podnikovohospodárska fakulta EU so sídlom v Košiciach. Katedra finančného riadenia podniku
Altri autori: Kravec, Michal, 1986-
Natura: Libro
Lingua:slovacco
Pubblicazione: Košice 2015
Tags: Aggiungi Tag
Nessun Tag, puoi essere il primo ad aggiungerne!!

MARC

LEADER 00000nbm a2200000 4500
001 0202240
005 20161212094448.9
041 0 |a slo 
044 |a SK 
245 1 0 |a Komparácia metód pri ohodnocovaní vybraného podniku  |b bakalárska práca  |c Michal Revák ; školiteľ: Michal Kravec 
264 1 |a Košice  |c 2015 
300 |a 42 s. 
100 1 |a Revák, Michal 
700 1 |a Kravec, Michal, 1986- 
710 2 |a Podnikovohospodárska fakulta EU so sídlom v Košiciach. Katedra finančného riadenia podniku